000 00369nam a22001577a 4500
003 SGT
020 _a978702083488
082 _a616.024
_bD22P
100 _aPENNMAN, IAN D.
245 _aDEVIDSON'S PRINCIPLES & PRACTICE OF MEDICINE
250 _a24TH
260 _aLONDON
_bELSEVIER PUB
_c2022
300 _a1357
650 _aGENERAL MEDICINE
942 _2ddc
_cBK
999 _c30863
_d30863